Ms word 97 manual for Gregg college keyboarding and document processing for windows: lessons 1-120. / (Record no. 1753)

MARC details
000 -LEADER
fixed length control field 01802nam a22002417a 4500
008 - FIXED-LENGTH DATA ELEMENTS--GENERAL INFORMATION
fixed length control field 120719t xxu||||| |||| 00| 0 eng d
020 ## - INTERNATIONAL STANDARD BOOK NUMBER
International Standard Book Number 0028042069
050 ## - LIBRARY OF CONGRESS CALL NUMBER
Classification number Z52.5.M52 O23
100 ## - MAIN ENTRY--PERSONAL NAME
Personal name Ober, Scot
245 ## - TITLE STATEMENT
Title Ms word 97 manual for Gregg college keyboarding and document processing for windows: lessons 1-120. /
Statement of responsibility, etc. Scot Ober
250 ## - EDITION STATEMENT
Edition statement 8th ed.
260 ## - PUBLICATION, DISTRIBUTION, ETC.
Place of publication, distribution, etc. California:
Name of publisher, distributor, etc. Glencoe McGraw Hill.
Date of publication, distribution, etc. 1998.
300 ## - PHYSICAL DESCRIPTION
Extent vii,160 p.:
Other physical details ill.;
Dimensions 20cm.
500 ## - GENERAL NOTE
General note Includes index.
505 ## - FORMATTED CONTENTS NOTE
Formatted contents note Contents: Intrduction -- Orientation to word processing - A -- Orientation to word processing - B -- Orientation to word processing - C -- Simple reports -- Reports with side headings -- Business letters -- Business letters -- Envelopes -- Memos -- Simple tables -- Tables with column headings -- Tables with number columns -- Tables with totals -- Multipage rouge-draft reports -- Bulleted and numbered lists -- Rouge-drafted reports with bulleted lists -- Reports with displays -- Letters in modified-block style -- Reports with footnotes -- Reports with endnotes -- Preliminary reports pages -- Resumes -- Multipage letters -- Multipage memos with tables -- Formal reports project -- Adding and deleting cells -- Joining and splitting cells -- Caculations -- Formatting options -- Memos -- Invoice -- Labels -- Different-sized stationary -- Form letters -- Meeting reports -- Manuscript reports -- Directories -- Tables formatted sideways -- Multipage tables -- Designing letterheads -- Designing memo forms -- Designing cover pages -- Legal -- Appendix.
650 ## - SUBJECT ADDED ENTRY--TOPICAL TERM
Topical term or geographic name entry element Word processing
General subdivision Problems, exercises, etc.
700 ## - ADDED ENTRY--PERSONAL NAME
Personal name Hanson, Robert N.
700 ## - ADDED ENTRY--PERSONAL NAME
Personal name Johnson, Jack E.
700 ## - ADDED ENTRY--PERSONAL NAME
Personal name Rice, Arlene.
700 ## - ADDED ENTRY--PERSONAL NAME
Personal name Poland, Robert P.
700 ## - ADDED ENTRY--PERSONAL NAME
Personal name Rossetti, Albert D.
942 ## - ADDED ENTRY ELEMENTS (KOHA)
Source of classification or shelving scheme Library of Congress Classification
Koha item type Books
Holdings
Withdrawn status Lost status Source of classification or shelving scheme Damaged status Not for loan Home library Current library Shelving location Date acquired Total Checkouts Full call number Barcode Date last seen Copy number Price effective from Koha item type
    Library of Congress Classification     WISCONSIN INTERNATIONAL UNIVERSITY COLLEGE, GHANA - MAIN LIBRARY WISCONSIN INTERNATIONAL UNIVERSITY COLLEGE, GHANA - MAIN LIBRARY General Stacks 19/07/2012   Z52.5.m52 O23 5737/12 19/07/2012 1 19/07/2012 Books

If you have any concerns or questions; kindly contact the library


© Powered by WIUC ICT DIRECTORATE